<?xml version="1.0" encoding="UTF-8"?>
<record
    xmlns:xsi="http://www.w3.org/2001/XMLSchema-instance"
    xsi:schemaLocation="http://www.loc.gov/MARC21/slim http://www.loc.gov/standards/marcxml/schema/MARC21slim.xsd"
    xmlns="http://www.loc.gov/MARC21/slim">

  <leader>02500nam a2200313Ia 4500</leader>
  <controlfield tag="001">K0414</controlfield>
  <controlfield tag="003">IT-RoPAU</controlfield>
  <controlfield tag="008">130308s9999    xx            000 0 und d</controlfield>
  <datafield tag="040" ind1=" " ind2=" ">
    <subfield code="a">IT-RoPAU</subfield>
  </datafield>
  <datafield tag="040" ind1=" " ind2=" ">
    <subfield code="c">IT-RoPAU</subfield>
  </datafield>
  <datafield tag="041" ind1=" " ind2=" ">
    <subfield code="a">ITALIANO  </subfield>
  </datafield>
  <datafield tag="100" ind1=" " ind2=" ">
    <subfield code="a">Tietze-Conrat E.</subfield>
  </datafield>
  <datafield tag="100" ind1=" " ind2=" ">
    <subfield code="g">Codice Aut. SPICS: 60164</subfield>
  </datafield>
  <datafield tag="240" ind1=" " ind2=" ">
    <subfield code="a">MANTEGNA - PAINTINGS, DRAWINGS, ENGRAVINGS                                                                                                                </subfield>
  </datafield>
  <datafield tag="240" ind1=" " ind2=" ">
    <subfield code="g">Codice Tit. Orig. Spics: T3870</subfield>
  </datafield>
  <datafield tag="245" ind1=" " ind2=" ">
    <subfield code="a">Andrea Mantegna. Le pitture - i disegni - le incisioni</subfield>
  </datafield>
  <datafield tag="245" ind1=" " ind2=" ">
    <subfield code="b">Andrea Mantegna. Le pitture  - I Disegni - le incisioni                                                                                                    </subfield>
  </datafield>
  <datafield tag="250" ind1=" " ind2=" ">
    <subfield code="a">1a ed.</subfield>
  </datafield>
  <datafield tag="260" ind1=" " ind2=" ">
    <subfield code="a">FIRENZE - LONDRA</subfield>
  </datafield>
  <datafield tag="260" ind1=" " ind2=" ">
    <subfield code="b">Sansoni - The Phaidon Press</subfield>
  </datafield>
  <datafield tag="260" ind1=" " ind2=" ">
    <subfield code="c">1955 [1&#xB0; Ed.:1955 - Ed.Ling.Originale:1955]</subfield>
  </datafield>
  <datafield tag="300" ind1=" " ind2=" ">
    <subfield code="a">"288 p. (prefazione: no ; testo: 288 [pagine: 0-0])"</subfield>
  </datafield>
  <datafield tag="500" ind1=" " ind2=" ">
    <subfield code="a">"Introduzione. Catalogo Opere. Dipinti. Disegni. Incisioni. Dipinti Perduti e Lavori Vari. Bibliografia. presentazione delle 152 Illustrazioni in bianco e Nero e 7 tavole a Colori: incontro di Ludovico Gonzaga col Figlio; croce fissione; Adorazione dei Magi; Morte della Vergine; Famiglia del Marchese Ludovico Gonzaga; Madonna col bambino e Cherubini; San Pietro; San Paolo; San Cristoforo; Assunzione della Vergine; Apostoli; vocazione di Giacomo e Giovanni; S. Giacomo parla Ai Demoni; S. Giacomo Battezza Ermogene; S. Giacomo Davanti a Erode Agrippa; soldato Romano; Martirio di S. Cristoforo; Re Colpito da una Freccia; Martirio di S. Giacomo; Orazione nell'Orto; paesaggio con Soldati Condotti da Giuda; Sant'Eufemia; presentazione di Gesu' al Tempio; S. Luca; Ss. Benedetto e Giustina; S. Giorgio; S. Sebastiano; Resurrezione; Adorazione dei Pastori; sacrificio di Abramo; Mose' con tavole della Legge; Cristo Sale al Cielo; Natura Morta; Cristo Morto; camera degli Sposi; Cacciatori con Segugi e Cavallo; Cortigiani; Federico Gonzaga; Orfeo...; Arione...; Ercole...; Imperatori; Giulio Cesare; Sepoltura di Cristo; battaglia di Divinit&#xE0; Marine; Tagliapietra; trionfo di Cesare; Aquila su un Ramo; Giuditta; Madonna della Vittoria; peccato di Adamo ed Eva; giudizio di Salomone; sacra Famiglia; Sansone e Dalila; Cristo Fanciullo; Vulcano; Ecc.  D"</subfield>
  </datafield>
  <datafield tag="650" ind1=" " ind2=" ">
    <subfield code="a">AUTORI/OPERE DI PITTURA</subfield>
  </datafield>
  <datafield tag="650" ind1=" " ind2=" ">
    <subfield code="e">Codice materia Spics: 5207</subfield>
  </datafield>
  <datafield tag="942" ind1=" " ind2=" ">
    <subfield code="c">BK</subfield>
  </datafield>
  <datafield tag="957" ind1=" " ind2=" ">
    <subfield code="7">1</subfield>
  </datafield>
  <datafield tag="999" ind1=" " ind2=" ">
    <subfield code="c">77173</subfield>
    <subfield code="d">77173</subfield>
  </datafield>
  <datafield tag="999" ind1=" " ind2=" ">
    <subfield code="g">1</subfield>
  </datafield>
  <datafield tag="952" ind1=" " ind2=" ">
    <subfield code="0">0</subfield>
    <subfield code="1">0</subfield>
    <subfield code="4">0</subfield>
    <subfield code="6">K_000000000000000_0414</subfield>
    <subfield code="7">1</subfield>
    <subfield code="a">SPICS</subfield>
    <subfield code="b">SPICS</subfield>
    <subfield code="d">2013-03-08</subfield>
    <subfield code="l">0</subfield>
    <subfield code="o">K0414</subfield>
    <subfield code="r">2013-03-08 00:00:00</subfield>
    <subfield code="w">2013-03-08</subfield>
    <subfield code="y">BK</subfield>
    <subfield code="z">Progressivo inserimento:  23889 /  N. Volumi: 1 Copie: 1  / data import: 1 marzo 2013 - By Epidotti, Trombetti, Vaglietti. </subfield>
  </datafield>
</record>
